[Event "Cto Preferente Norte Individual"]
[Site "Centre Polivalent - C/ Isaac P"]
[Date "2011.11.05"]
[Round "4"]
[White "Davidovas Chananovas, Norman"]
[Black "Guerra Reig, Juan"]
[Result "0-1"]
[WhiteElo "1751"]
[BlackElo "2087"]
[PlyCount "80"]
[EventDate "2011.10.01"]
[EventRounds "7"]
[EventCountry "ESP"]

1. e4 c6 2. d4 d5 3. Nc3 dxe4 4. Nxe4 Nd7 5. f4 Ngf6 6. Ng3 Nb6 7. Nf3 Bg4 8.
Be2 e6 9. O-O {[%emt 0:00:00]} Be7 10. a4 a5 11. c3 O-O 12. h3 Bxf3 13. Bxf3
Qc7 14. Ne4 Nbd5 15. Qe2 Rad8 16. Nxf6+ Bxf6 17. Be4 c5 18. dxc5 Qxc5+ 19. Kh1
g6 20. g4 Rd7 21. f5 exf5 22. gxf5 Bg7 23. fxg6 hxg6 24. Qg2 Ne3 25. Bxe3 Qxe3
26. Rae1 Qd2 27. Re2 Qh6 28. Ref2 b6 29. Bc2 Kh7 30. Bb3 f5 31. Bc2 Rfd8 32.
Qf3 Rd2 33. Qg2 Rxf2 34. Rxf2 Qc1+ 35. Qg1 Qe3 36. Qf1 Re8 37. Kg2 Be5 38. Rf3
Qg5+ 39. Kh1 Bg3 40. Kg2 Bh4+ 0-1

[Event "Cto Preferente Norte Individual"]
[Site "Centre Polivalent - C/ Isaac P"]
[Date "2011.11.05"]
[Round "4"]
[White "Penades Ordaz, Carlos"]
[Black "Anguix Gomez, Exuperio"]
[Result "1-0"]
[WhiteElo "2082"]
[BlackElo "1900"]
[PlyCount "93"]
[EventDate "2011.10.01"]
[EventRounds "7"]
[EventCountry "ESP"]

1. e4 g6 2. d4 c6 3. Nf3 d5 4. e5 Bg7 5. Bd3 Nh6 6. Bxh6 Bxh6 7. O-O Bg4 8. h3
Bxf3 9. Qxf3 Qb6 10. Qg4 O-O 11. b3 e6 12. Qh4 Bg7 13. Nd2 c5 14. c3 Nc6 15.
Nf3 cxd4 16. cxd4 a5 17. Rad1 Rac8 18. Bb1 Qb4 19. Nh2 Qe7 20. Qg3 f5 21. Nf3
Nb4 22. Rc1 Rc7 23. Rxc7 Qxc7 24. Qg5 Qd8 25. Qd2 Qe7 26. Rc1 Nc6 27. Bd3 Rc8
28. Bb5 Qd8 29. Bxc6 Rxc6 30. Rxc6 bxc6 31. b4 axb4 32. Qxb4 h6 33. Qb7 Qe8 34.
a4 c5 35. dxc5 Qxa4 36. Qc8+ Kh7 37. Qxe6 Qc4 38. g3 Qxc5 39. Nh4 Qc1+ 40. Kg2
Qg5 41. Qxd5 f4 42. Nf3 Qf5 43. g4 Qc8 44. e6 Bf8 45. Qd7+ Qxd7 46. exd7 Be7
47. Ne5 1-0

[Event "Cto Preferente Norte Individual"]
[Site "Centre Polivalent - C/ Isaac P"]
[Date "2011.11.05"]
[Round "4"]
[White "Insa Alfonso, Pablo"]
[Black "Morenilla Rocher, Fernando"]
[Result "1-0"]
[WhiteElo "2050"]
[BlackElo "1868"]
[PlyCount "73"]
[EventDate "2011.10.01"]
[EventRounds "7"]
[EventCountry "ESP"]

1. e4 e5 2. Nf3 Nc6 3. Bb5 Nge7 4. O-O d6 5. d4 a6 6. Ba4 b5 7. Bb3 Nxd4 8.
Nxd4 exd4 9. a4 b4 10. Qxd4 c5 11. Qd3 Be6 12. Rd1 Ng6 13. f4 Qc7 14. Bxe6 fxe6
15. f5 Ne5 16. Qe2 Be7 17. Bf4 exf5 18. exf5 O-O 19. Qe4 Rad8 20. Rd5 Bf6 21.
Nd2 Rfe8 22. Bg3 Nf7 23. Qd3 Bxb2 24. Rf1 Bd4+ 25. Kh1 Qc6 26. Qc4 Qxa4 27. Nf3
Bc3 28. Rfd1 Qxc2 29. Ng5 Qe2 30. Qf4 Nxg5 31. Qxg5 Bf6 32. Qc1 Rd7 33. Re1
Rde7 34. Rxe2 Rxe2 35. Rxd6 Be5 36. Qc4+ Kf8 37. Rd7 1-0

[Event "Cto Preferente Norte Individual"]
[Site "Centre Polivalent - C/ Isaac P"]
[Date "2011.11.05"]
[Round "4"]
[White "Nieto Tornero, Jose"]
[Black "Chakrian, Tigran"]
[Result "0-1"]
[WhiteElo "2024"]
[BlackElo "1897"]
[PlyCount "50"]
[EventDate "2011.10.01"]
[EventRounds "7"]
[EventCountry "ESP"]

1. e4 c6 2. c4 e6 3. d4 d5 4. e5 c5 5. dxc5 Bxc5 6. Nc3 Qb6 7. Qg4 Ne7 8. Nh3
d4 9. Ne4 Bb4+ 10. Kd1 Nf5 11. Bd3 Nc6 12. Qf4 Qc7 13. g4 Nh4 14. Nd6+ Bxd6 15.
exd6 Qd7 16. c5 e5 17. Qg3 Qxg4+ 18. Be2 Qxh3 19. Qxg7 Ng6 20. Rg1 d3 21. Bf1
Qf3+ 22. Ke1 Rf8 23. Bh6 Qe4+ 24. Be3 Nd4 25. Bg2 d2+ 0-1

[Event "Cto Preferente Norte Individual"]
[Site "Centre Polivalent - C/ Isaac P"]
[Date "2011.11.05"]
[Round "4"]
[White "Benito Vicente, Jose Oscar"]
[Black "Pino Fernandez, David"]
[Result "0-1"]
[WhiteElo "1973"]
[BlackElo "1781"]
[PlyCount "127"]
[EventDate "2011.10.01"]
[EventRounds "7"]
[EventCountry "ESP"]

1. b3 Nf6 2. Bb2 g6 3. e3 Bg7 4. f4 c5 5. Nf3 Nc6 6. Be2 d6 7. O-O Bf5 8. Nh4
Bd7 9. c4 Qc8 10. Nc3 O-O 11. a3 Re8 12. Qc2 e6 13. Bf3 Ne7 14. g4 Bc6 15. g5
Nd7 16. Ne4 Bxe4 17. Bxe4 Nf5 18. Nxf5 exf5 19. Bxg7 Kxg7 20. Qc3+ Kg8 21. Bd5
Nb6 22. Bg2 Rb8 23. Rf3 Qe6 24. a4 f6 25. h4 Kg7 26. Rh3 h5 27. gxh6+ Kxh6 28.
a5 Na8 29. Rf1 Nc7 30. Rff3 b6 31. Rfg3 Rg8 32. axb6 Rxb6 33. h5 g5 34. fxg5+
fxg5 35. Bd5 Nxd5 36. cxd5 Qe5 37. e4 Qxc3 38. dxc3 fxe4 39. c4 Rbb8 40. Re3
Rbe8 41. Kg2 Rgf8 42. Kg3 Rf4 43. Rh1 Ref8 44. Rhe1 Rf3+ 45. Kg2 Rxe3 46. Rxe3
Re8 47. Rh3 Rf8 48. Rh1 Rf3 49. Re1 Rxb3 50. Rxe4 Kxh5 51. Re7 a6 52. Ra7 Rb6
53. Kg3 Kg6 54. Kg4 Kf6 55. Ra8 Ke5 56. Rc8 Kd4 57. Rc6 Rb4 58. Rxa6 Rxc4 59.
Kxg5 Kxd5 60. Kf5 Rc1 61. Kf4 Re1 62. Kf3 c4 63. Kf2 Re8 64. Ra1 0-1

[Event "Cto Preferente Norte Individual"]
[Site "Centre Polivalent - C/ Isaac P"]
[Date "2011.11.05"]
[Round "4"]
[White "Pales Garcia, Pere"]
[Black "Biasoli Lopez, Alain"]
[Result "1-0"]
[WhiteElo "1900"]
[BlackElo "1937"]
[PlyCount "55"]
[EventDate "2011.10.01"]
[EventRounds "7"]
[EventCountry "ESP"]

1. e4 c5 2. Ne2 d6 3. Nbc3 a6 4. g3 e6 5. Bg2 g6 6. O-O Bg7 7. d3 Ne7 8. a4
Nbc6 9. Be3 Nd4 10. f4 O-O 11. g4 f5 12. h3 Qc7 13. Ng3 Bd7 14. Kh1 Bc6 15.
gxf5 exf5 16. Nd5 Bxd5 17. exd5 c4 18. Bxd4 Bxd4 19. c3 Bf6 20. d4 b5 21. axb5
axb5 22. Rxa8 Rxa8 23. Qe2 b4 24. Qe6+ Kg7 25. Re1 bxc3 26. bxc3 Ra3 27. Re3
Kf8 28. Qxf6+ 1-0

[Event "Cto Preferente Norte Individual"]
[Site "Centre Polivalent - C/ Isaac P"]
[Date "2011.11.05"]
[Round "4"]
[White "Gadea Iafigliola, Gabriel Ferna"]
[Black "Albert Garrote, Amadeo"]
[Result "0-1"]
[WhiteElo "1924"]
[BlackElo "1868"]
[PlyCount "40"]
[EventDate "2011.10.01"]
[EventRounds "7"]
[EventCountry "ESP"]

1. d4 d5 2. Nf3 c6 3. e3 Nf6 4. Bd3 Bg4 5. Nbd2 Nbd7 6. O-O e6 7. e4 dxe4 8.
Nxe4 Nxe4 9. Bxe4 Nf6 10. Bd3 Bxf3 11. Qxf3 Qxd4 12. Rd1 Qg4 13. Be2 h5 14. Qd3
Qe4 15. Bf3 Qxd3 16. Rxd3 Be7 17. a3 Rd8 18. Rb3 Rd7 19. Rxb7 Rxb7 20. Bxc6+
Rd7 0-1

[Event "Cto Preferente Norte Individual"]
[Site "Centre Polivalent - C/ Isaac P"]
[Date "2011.11.05"]
[Round "4"]
[White "Cerdan Herraez, Manuel Vicente"]
[Black "Forano Civera, Miguel"]
[Result "1-0"]
[WhiteElo "1835"]
[BlackElo "1992"]
[PlyCount "69"]
[EventDate "2011.10.01"]
[EventRounds "7"]
[EventCountry "ESP"]

1. e4 c5 2. Nc3 d6 3. d4 cxd4 4. Qxd4 Nc6 5. Bb5 Bd7 6. Bxc6 bxc6 7. Nf3 e5 8.
Qd3 Be7 9. Be3 Qa5 10. a3 Rb8 11. Rb1 h6 12. O-O Nf6 13. Bd2 Qc7 14. h3 O-O 15.
Nh2 Be6 16. f4 Rfd8 17. f5 Bc8 18. Qg3 Kh7 19. Ng4 Ba6 20. Rf2 Nh5 21. Qh2 Bh4
22. Rf3 Bf6 23. Nxf6+ Nxf6 24. g4 d5 25. exd5 cxd5 26. g5 Nh5 27. gxh6 gxh6 28.
Re1 Qc5+ 29. Qf2 d4 30. b4 Rg8+ 31. Kh2 Qc7 32. Ne4 Qxc2 33. Qh4 Bb7 34. Qxh5
Bxe4 35. Qxh6# 1-0

[Event "Cto Preferente Norte Individual"]
[Site "Centre Polivalent - C/ Isaac P"]
[Date "2011.11.12"]
[Round "5"]
[White "Penades Ordaz, Victor"]
[Black "Benedito Salavert, Jaime"]
[Result "1-0"]
[WhiteElo "2086"]
[BlackElo "1993"]
[PlyCount "65"]
[EventDate "2011.10.01"]
[EventRounds "7"]
[EventCountry "ESP"]

1. e4 d6 2. d4 Nf6 3. f3 g6 4. Be3 Bg7 5. Qd2 O-O 6. c4 Nbd7 7. g4 c5 8. Ne2
cxd4 9. Nxd4 Nc5 10. Nc3 a6 11. h4 h5 12. gxh5 Nxh5 13. O-O-O Bd7 14. Be2 b5
15. Nb3 Nxb3+ 16. axb3 bxc4 17. Bxc4 Kh7 18. Nd5 Rb8 19. Bg5 f6 20. Be3 Bb5 21.
Rdg1 Bxc4 22. bxc4 f5 23. Bd4 Bh6 24. Be3 Bg7 25. b4 f4 26. Qg2 Qe8 27. Bd2 Qf7
28. Qg5 Rbc8 29. Kd1 Rxc4 30. Nxe7 Bc3 $2 31. Nxg6 Bxd2 32. Qxh5+ Kg7 33. Nxf4+
1-0

[Event "Cto Preferente Norte Individual"]
[Site "Centre Polivalent - C/ Isaac P"]
[Date "2011.11.12"]
[Round "5"]
[White "Gomez Ibanez, David"]
[Black "Penades Ordaz, Carlos"]
[Result "1/2-1/2"]
[WhiteElo "1917"]
[BlackElo "2082"]
[PlyCount "40"]
[EventDate "2011.10.01"]
[EventRounds "7"]
[EventCountry "ESP"]

1. d4 d6 2. Nf3 Nf6 3. c4 g6 4. Nc3 Bg7 5. Bg5 h6 6. Bd2 c6 7. Qc2 Nbd7 8. Rd1
O-O 9. e4 Qc7 10. Be2 e5 11. dxe5 dxe5 12. O-O Re8 13. h3 Nf8 14. Be3 b6 15. a4
Ne6 16. Rfe1 Bd7 17. Nh2 Rad8 18. b4 Bc8 19. Bf1 Nd4 20. Qc1 Kh7 1/2-1/2

[Event "Cto Preferente Norte Individual"]
[Site "Centre Polivalent - C/ Isaac P"]
[Date "2011.11.12"]
[Round "5"]
[White "Albert Garrote, Amadeo"]
[Black "Insa Alfonso, Pablo"]
[Result "0-1"]
[WhiteElo "1868"]
[BlackElo "2050"]
[PlyCount "94"]
[EventDate "2011.10.01"]
[EventRounds "7"]
[EventCountry "ESP"]

1. d4 d5 2. Bg5 f5 3. Nd2 Nf6 4. Bxf6 exf6 5. e3 Be6 6. Bd3 Nc6 7. c3 Qd7 8.
Ne2 g5 9. h4 O-O-O 10. Qa4 Kb8 11. hxg5 Nb4 12. Bb5 c6 13. cxb4 cxb5 14. Qb3
fxg5 15. Nf3 Be7 16. Ne5 Qd6 17. a3 Bf6 18. Nd3 Rde8 19. O-O-O f4 20. Nc3 fxe3
21. fxe3 Qg3 22. Rde1 Bxd4 23. Nxb5 $2 Bxe3+ 24. Kb1 d4 25. Qd1 a6 26. Qa4 Bd7
27. Qa5 Bxb5 28. Nc5 Qc7 29. Qxc7+ Kxc7 30. a4 Bc6 31. Rh6 Be4+ 32. Ka2 Bg6 33.
Rd1 Rhf8 34. Kb3 Rf2 35. Rdh1 d3 36. Rxh7+ Bxh7 37. Rxh7+ Kc8 38. Nxd3 Rxg2 39.
b5 a5 40. Kc3 Rg4 41. b3 Rd8 42. Rh2 Bd4+ 43. Kc2 Rg3 44. Re2 Bg7 45. Nf2 Rc3+
46. Kb1 Rxb3+ 47. Ka2 Rb2+ 0-1

[Event "Cto Preferente Norte Individual"]
[Site "Centre Polivalent - C/ Isaac P"]
[Date "2011.11.12"]
[Round "5"]
[White "Chakrian, Tigran"]
[Black "Pales Garcia, Pere"]
[Result "1-0"]
[WhiteElo "1897"]
[BlackElo "1900"]
[PlyCount "103"]
[EventDate "2011.10.01"]
[EventRounds "7"]
[EventCountry "ESP"]

1. d4 e6 2. c4 f5 3. Nf3 Nf6 4. Nc3 d5 5. Bf4 c6 6. e3 Bd6 7. c5 Bc7 8. Be2 O-O
9. Ne5 Nbd7 10. Nxd7 Nxd7 11. Bxc7 Qxc7 12. f4 Nf6 13. O-O h6 14. Qd2 g5 15. g3
Qg7 16. Kh1 h5 17. Bf3 Qh6 18. Qe1 Kf7 19. fxg5 Qxg5 20. e4 Rh8 21. h4 Qg6 22.
e5 Ng4 23. Bxg4 Qxg4 24. Rf4 Qh3+ 25. Kg1 Rg8 26. Ne2 b6 27. Kf2 bxc5 28. dxc5
Ba6 29. Rf3 Rab8 30. b3 Qh2+ 31. Ke3 d4+ 32. Nxd4 Rg4 33. Rf4 Rxg3+ 34. Nf3 Rd8
35. Rd1 Rd5 36. Rxd5 cxd5 37. Qf2 Qh3 38. Ra4 $2 Rg2 39. Rxa6 d4+ 40. Kxd4 Qg4+
41. Kc3 Rxf2 42. Rxa7+ Ke8 43. Ra8+ Kd7 44. Ra7+ Kc8 45. Nd4 Qg3+ 46. Kb4 Qxe5
$2 47. Ra8+ Kb7 48. Ra7+ Kc8 49. Ra8+ Kd7 50. c6+ Kc7 51. Ra7+ Kd6 52. Rd7# 1-0

[Event "Cto Preferente Norte Individual"]
[Site "Centre Polivalent - C/ Isaac P"]
[Date "2011.11.12"]
[Round "5"]
[White "Pino Fernandez, David"]
[Black "Cerdan Herraez, Manuel Vicente"]
[Result "1-0"]
[WhiteElo "1781"]
[BlackElo "1835"]
[PlyCount "105"]
[EventDate "2011.10.01"]
[EventRounds "7"]
[EventCountry "ESP"]

1. d4 d5 2. c4 dxc4 3. e3 e5 4. dxe5 Qxd1+ 5. Kxd1 Nc6 6. Nf3 Bg4 7. Be2 Bxf3
8. Bxf3 O-O-O+ 9. Ke2 Nxe5 10. Bd2 Bd6 11. Bc3 f6 12. Nd2 Ne7 13. Bxe5 Bxe5 14.
Nxc4 Bd6 15. Nxd6+ Rxd6 16. Rhd1 Rhd8 17. Rxd6 Rxd6 18. Rc1 c6 19. Rc3 Kc7 20.
Ra3 a6 21. Rc3 Nd5 22. Bxd5 Rxd5 23. Rc4 h5 24. Re4 Kd8 25. h3 Kd7 26. g4 b5
27. f4 hxg4 28. hxg4 f5 29. gxf5 Rxf5 30. Rd4+ Kc7 31. Rd2 g5 32. Kf3 gxf4 33.
exf4 Rf8 34. Rd3 Rh8 35. Rd2 c5 36. f5 Rh1 37. Kf4 Rf1+ 38. Ke5 Re1+ 39. Kf6
Rf1 40. Ke6 Re1+ 41. Kf7 c4 42. f6 Rf1 43. Ke7 Re1+ 44. Kf8 Rf1 45. f7 Rf4 46.
Rg2 b4 47. Kg7 a5 48. f8=Q Rxf8 49. Kxf8 Kb6 50. Ke7 Kc5 51. Ke6 Kd4 52. Kd6 b3
53. axb3 1-0

[Event "Cto Preferente Norte Individual"]
[Site "Centre Polivalent - C/ Isaac P"]
[Date "2011.11.12"]
[Round "5"]
[White "Cebrian Flores, Juan Antonio"]
[Black "Benito Vicente, Jose Oscar"]
[Result "1/2-1/2"]
[WhiteElo "1864"]
[BlackElo "1973"]
[PlyCount "107"]
[EventDate "2011.10.01"]
[EventRounds "7"]
[EventCountry "ESP"]

1. d4 Nf6 2. c4 c5 3. d5 e5 4. Nc3 d6 5. e4 Nbd7 6. g3 Be7 7. Bg2 O-O 8. Nge2
Ne8 9. O-O g6 10. f4 f5 11. Be3 Ng7 12. Qd2 a6 13. a4 b6 14. Rab1 Rb8 15. Nc1
Bf6 16. Nd3 Qe7 17. Rfd1 exf4 18. gxf4 Bxc3 19. Qxc3 fxe4 20. Nf2 Nf6 21. b4
Bf5 22. bxc5 bxc5 23. Qa5 Ng4 24. Nxg4 Bxg4 25. Re1 Rxb1 26. Rxb1 Nf5 27. Qc3
Nh4 28. Bc1 Nf3+ 29. Bxf3 Bxf3 30. Bb2 Rxf4 $4 31. Qh8+ Kf7 32. Qg7+ $4 Ke8 33.
Bf6 Rg4+ 34. Kf1 Qxg7 35. Bxg7 Rg2 36. Rb6 Rxh2 $2 37. Rxd6 Kf7 38. Rd7+ Kg8
39. Be5 Rc2 40. Rg7+ Kf8 41. Rxh7 g5 42. d6 e3 43. Bg3 Ke8 44. Re7+ Kd8 45.
Rxe3 g4 46. Bh4+ Kd7 47. Bg3 Rc1+ 48. Kf2 Rc2+ 49. Ke1 Rxc4 50. Re7+ Kd8 51.
Bh4 Rd4 52. Rc7+ Ke8 53. Re7+ Kd8 54. Ra7+ 1/2-1/2

[Event "Cto Preferente Norte Individual"]
[Site "Centre Polivalent - C/ Isaac P"]
[Date "2011.11.12"]
[Round "5"]
[White "Biasoli Lopez, Alain"]
[Black "Morenilla Rocher, Fernando"]
[Result "1-0"]
[WhiteElo "1937"]
[BlackElo "1868"]
[PlyCount "87"]
[EventDate "2011.10.01"]
[EventRounds "7"]
[EventCountry "ESP"]

1. e4 e5 2. Nf3 Nc6 3. Bb5 Nge7 4. O-O d6 5. c3 a6 6. Ba4 b5 7. Bc2 g6 8. d4
Bg7 9. dxe5 Nxe5 10. Nxe5 Bxe5 11. f4 Bg7 12. Nd2 f5 13. Nf3 fxe4 14. Bxe4 c6
15. Re1 d5 16. Bc2 O-O 17. Be3 Qd6 18. Qd2 Nf5 19. Bxf5 Bxf5 20. b4 Be4 21. Ng5
Rae8 22. g3 Qf6 23. Bd4 Qf5 24. Bxg7 Kxg7 25. Re3 h6 26. Qd4+ Kg8 27. Nxe4 Rxe4
28. Rxe4 Qxe4 29. Qxe4 dxe4 30. Rd1 Rf6 31. Rd4 Re6 32. Kf2 Kf7 33. Ke3 Kf6 34.
g4 a5 35. Rxe4 axb4 36. Rxe6+ Kxe6 37. cxb4 g5 38. f5+ Kd5 39. Kd3 Ke5 40. Kc3
Kd5 41. Kb3 Ke5 42. a4 bxa4+ 43. Kxa4 h5 44. h3 1-0

[Event "Cto Preferente Norte Individual"]
[Site "Centre Polivalent - C/ Isaac P"]
[Date "2011.11.12"]
[Round "5"]
[White "Barry Bertomeu, Enrique"]
[Black "Davidovas Chananovas, Norman"]
[Result "0-1"]
[WhiteElo "1929"]
[BlackElo "1751"]
[PlyCount "101"]
[EventDate "2011.10.01"]
[EventRounds "7"]
[EventCountry "ESP"]

1. e4 c5 2. Nf3 d6 3. d4 cxd4 4. Nxd4 Nf6 5. Nc3 g6 6. Be2 Bg7 7. Be3 O-O 8.
Qd2 Nc6 9. O-O a6 10. f4 Bg4 11. Rad1 Bxe2 12. Ndxe2 Ng4 13. Ng3 Nxe3 14. Qxe3
Qa5 15. f5 Qb4 16. Nge2 Ne5 17. Nd5 Ng4 18. Qf3 Qc5+ 19. Kh1 Ne5 20. Nxe7+ Kh8
21. Qb3 Ng4 22. Nd5 Nf2+ 23. Rxf2 Qxf2 24. Ng3 Be5 25. Qxb7 Qxc2 26. Rf1 Qxb2
27. Qe7 Rae8 28. Qh4 g5 29. Qxg5 Rg8 30. Qh4 f6 31. a4 Rg7 32. Ne3 Bxg3 33.
hxg3 Qe2 34. Rf3 Qb2 35. Nd5 Qb1+ 36. Kh2 Qxe4 37. Nxf6 Qxh4+ 38. gxh4 Re2 39.
Rg3 Rxg3 40. Kxg3 Kg7 41. Nh5+ Kf7 42. Kf3 Ra2 43. g4 Rxa4 44. Nf4 Ra1 45. g5
a5 46. h5 Rf1+ 47. Ke4 Rxf4+ 48. Kxf4 a4 49. h6 a3 50. g6+ hxg6 51. h7 0-1

[Event "Cto Preferente Norte Individual"]
[Site "Centre Polivalent - C/ Isaac P"]
[Date "2011.11.12"]
[Round "5"]
[White "Bellver Franco, Manuel Edgar"]
[Black "Gadea Iafigliola, Gabriel Ferna"]
[Result "0-1"]
[WhiteElo "1833"]
[BlackElo "1924"]
[PlyCount "66"]
[EventDate "2011.10.01"]
[EventRounds "7"]
[EventCountry "ESP"]

1. e4 e5 2. Nf3 d6 3. d4 Nd7 4. Nc3 c6 5. Be3 Ngf6 6. h3 Be7 7. g4 O-O 8. Qd2
b5 9. a3 Bb7 10. g5 Ne8 11. h4 g6 12. h5 Nc7 13. d5 a5 14. dxc6 Bxc6 15. Nd5
Nc5 16. Bxc5 dxc5 17. Rd1 Nxd5 18. exd5 Bb7 19. Rg1 e4 20. Ne5 Bd6 21. Ng4 b4
22. Qe3 Kg7 23. Qh3 $2 Qxg5 24. Rg2 Qf5 25. hxg6 h5 26. gxf7 hxg4 27. Rxg4+
Kxf7 28. Qg2 Rg8 29. Rxg8 Rxg8 30. Qh1 e3 31. fxe3 Bg3+ 32. Kd2 Qxd5+ 33. Bd3
Qxh1 0-1

[Event "Cto Preferente Norte Individual"]
[Site "Centre Polivalent - C/ Isaac P"]
[Date "2011.11.12"]
[Round "5"]
[White "Soriano Folch, Jonathan"]
[Black "Garcia Martinez, Cesar"]
[Result "0-1"]
[WhiteElo "1826"]
[BlackElo "1997"]
[PlyCount "62"]
[EventDate "2011.10.01"]
[EventRounds "7"]
[EventCountry "ESP"]

1. e4 e5 2. Nf3 Nf6 3. Nxe5 d6 4. Nf3 Nxe4 5. Nc3 Nxc3 6. dxc3 Be7 7. Bf4 Nd7
8. Qd2 Nc5 9. Bc4 Be6 10. Qe2 O-O 11. O-O Bf6 12. Nd4 Re8 13. Nxe6 Nxe6 14. Be3
d5 15. Rad1 c6 16. Qg4 Qa5 17. Bd3 g6 18. f4 Nc5 19. b4 Rxe3 20. bxa5 h5 21.
Rf3 Rxd3 22. Qg3 Rxd1+ 23. Rf1 Rxf1+ 24. Kxf1 Ne4 25. Qh3 Re8 26. a6 bxa6 27.
Qe3 Bxc3 28. Qxa7 c5 29. g3 Nd2+ 30. Kg2 Re2+ 31. Kh3 Nf1 0-1

[Event "Cto Preferente Norte Individual"]
[Site "Centre Polivalent - C/ Isaac P"]
[Date "2011.11.19"]
[Round "6"]
[White "Chakrian, Tigran"]
[Black "Penades Ordaz, Victor"]
[Result "1-0"]
[WhiteElo "1897"]
[BlackElo "2086"]
[PlyCount "121"]
[EventDate "2011.10.01"]
[EventRounds "7"]
[EventCountry "ESP"]

1. d4 Nf6 2. c4 g6 3. Nc3 Bg7 4. Bf4 d6 5. Nf3 c6 6. e3 Nh5 7. Bg5 h6 8. Bh4 g5
9. Nd2 Nf6 10. Bg3 Bf5 11. e4 Bg6 12. f3 Nbd7 13. Be2 Nh5 14. Bf2 Nf4 15. Bf1
c5 16. Nb3 b6 17. g3 Ne6 18. Be2 Rb8 19. d5 Nc7 20. Qc2 a6 21. f4 b5 22. cxb5
axb5 23. a4 b4 24. Nb5 Nxb5 25. Bxb5 Qc7 26. Bc6 O-O 27. O-O f5 28. e5 dxe5 29.
Bxc5 Nf6 30. fxe5 Qxe5 31. Rae1 Ne4 32. Bd4 Qc7 33. Kg2 Qc8 34. Bxg7 Kxg7 35.
Nd4 Rf7 36. Ne6+ Kh7 37. g4 Nd6 38. Qd3 Rb6 39. Rc1 Qa6 40. Qxa6 Rxa6 41. gxf5
Nxf5 42. Kg1 Nd6 43. Rxf7+ Bxf7 44. Re1 Ra7 45. b3 $11 Kg6 46. Nd4 Kf6 47. Nc2
Nf5 48. Re4 e6 49. Nxb4 Ne7 50. d6 Nxc6 51. Nxc6 Rd7 52. b4 Rxd6 53. b5 Be8 54.
Rc4 Rd1+ 55. Kf2 Ra1 56. a5 e5 57. b6 Ra2+ 58. Ke1 Bh5 59. Rb4 Bf3 60. b7 Bxc6
61. b8=Q 1-0

[Event "Cto Preferente Norte Individual"]
[Site "Centre Polivalent - C/ Isaac P"]
[Date "2011.11.19"]
[Round "6"]
[White "Insa Alfonso, Pablo"]
[Black "Pino Fernandez, David"]
[Result "1-0"]
[WhiteElo "2050"]
[BlackElo "1781"]
[PlyCount "113"]
[EventDate "2011.10.01"]
[EventRounds "7"]
[EventCountry "ESP"]

1. e4 e5 2. Nf3 Nc6 3. Bb5 d6 4. O-O Bd7 5. c3 Nf6 6. Re1 a6 7. Ba4 b5 8. Bc2
Bg4 9. h3 Bxf3 10. Qxf3 Be7 11. d3 h6 12. Nd2 O-O 13. Nf1 Nh7 14. Ng3 Bg5 15.
Be3 Qf6 16. Nf5 Ne7 17. Qg4 Nxf5 18. exf5 Bxe3 19. fxe3 Qe7 20. Kh1 Nf6 21. Qf3
e4 22. dxe4 Rfe8 23. Rf1 Nxe4 24. f6 Nxf6 25. a4 b4 26. cxb4 Qxe3 27. Qc6 Qb6
28. Qc4 Rab8 29. Rf4 Re5 30. a5 Qb5 31. Qxc7 Rb7 32. Qd8+ Re8 33. Qxd6 Rd7 34.
Qb6 Qxb6 35. axb6 Nd5 36. Ba4 Nxf4 37. Bxd7 Rb8 38. Rxa6 Nd5 39. b7 Rxb7 40.
Bc6 Rxb4 41. Bxd5 Rxb2 42. Ra8+ Kh7 43. Bxf7 Rb6 44. h4 Rd6 45. h5 g6 46. hxg6+
Kg7 47. Rg8+ Kf6 48. Rh8 Rc6 49. Rxh6 Rc5 50. g4 Ra5 51. Kh2 Ra8 52. Kh3 Ra3+
53. Kh4 Ra4 54. Rh5 Rb4 55. Rf5+ Kg7 56. Kg5 Rb7 57. Bd5 1-0

[Event "Cto Preferente Norte Individual"]
[Site "Centre Polivalent - C/ Isaac P"]
[Date "2011.11.19"]
[Round "6"]
[White "Guerra Reig, Juan"]
[Black "Gomez Ibanez, David"]
[Result "1/2-1/2"]
[WhiteElo "2087"]
[BlackElo "1917"]
[PlyCount "176"]
[EventDate "2011.10.01"]
[EventRounds "7"]
[EventCountry "ESP"]

1. d4 d5 2. Nf3 Nf6 3. Bf4 e6 4. e3 Nbd7 5. Bd3 Be7 6. h3 c5 7. c3 a6 8. Nbd2
Qb6 9. Rb1 Bd6 10. Bxd6 Qxd6 11. O-O O-O 12. Re1 b6 13. e4 dxe4 14. Nxe4 Qc7
15. Qe2 Bb7 16. Rbd1 h6 17. dxc5 Nxe4 18. cxb6 Nxc3 19. bxc7 Nxe2+ 20. Bxe2 Nf6
21. Rd6 Rfc8 22. Rc1 Nd5 23. Ne5 Rxc7 24. Rxc7 Nxc7 25. Rd7 Rc8 26. Nxf7 Bc6
27. Rd8+ Rxd8 28. Nxd8 Bd5 29. a3 e5 30. Bg4 Kf8 31. Bc8 Ke7 32. Nb7 Na8 33.
Nc5 a5 34. Ba6 Nb6 35. f3 Nc4 36. Nd3 Kd6 37. Kf2 Nb6 38. Ke3 Nd7 39. b4 axb4
40. axb4 Nb6 41. f4 exf4+ 42. Nxf4 Ke5 43. Nd3+ Kd6 44. g3 Be6 45. h4 Bf5 46.
Kd4 Nd5 47. b5 Nc7 48. Nc5 Na8 49. Ne4+ Kc7 50. Ke5 Bg6 51. Nc3 Be8 52. Ke6 Nb6
53. Nd5+ Nxd5 54. Kxd5 g5 55. hxg5 hxg5 56. Kc5 Bd7 57. b6+ Kb8 58. Bc4 Bf5 59.
Bd5 g4 60. Kd6 Bd3 61. Ke5 Be2 62. Kf4 Bd1 63. Be6 Kb7 64. Bxg4 Bb3 65. Ke5
Kxb6 66. Bf3 Kc7 67. Kf6 Kd7 68. g4 Ke8 69. Kg7 Be6 70. g5 Bf5 71. Bh5+ Ke7 72.
Bg6 Bg4 73. Bd3 Bh5 74. Bc4 Be8 75. Kh6 Kf8 76. Bd3 Bf7 77. Bb5 Kg8 78. Bc6 Kf8
79. Be4 Be8 80. Bd5 Ke7 81. Kg7 Bh5 82. Be4 Bf7 83. Bf5 Bh5 84. Kh6 Bf7 85. Bg6
Be6 86. Bh5 Bf5 87. Kg7 Be4 88. Bg6 Bf3 1/2-1/2

[Event "Cto Preferente Norte Individual"]
[Site "Centre Polivalent - C/ Isaac P"]
[Date "2011.11.19"]
[Round "6"]
[White "Penades Ordaz, Carlos"]
[Black "Tarazona Macivor, Cristobal"]
[Result "0-1"]
[WhiteElo "2082"]
[BlackElo "1745"]
[PlyCount "46"]
[EventDate "2011.10.01"]
[EventRounds "7"]
[EventCountry "ESP"]

1. e4 d6 2. d4 Nf6 3. Nc3 e5 4. dxe5 dxe5 5. Qxd8+ Kxd8 6. Nf3 Bd6 7. Bc4 Be6
8. Bxe6 fxe6 9. Bg5 Nc6 10. O-O-O Ke7 11. a3 a6 12. Ne1 h6 13. Bd2 b5 14. b4
Rhb8 15. f3 a5 16. Na2 axb4 17. Bxb4 Nxb4 18. Nxb4 Rb6 19. Rxd6 Rxd6 20. Ned3
Rxa3 21. Kb2 Ra4 22. Kb3 Nd7 23. Nb2 Nc5+ 0-1

[Event "Cto Preferente Norte Individual"]
[Site "Centre Polivalent - C/ Isaac P"]
[Date "2011.11.19"]
[Round "6"]
[White "Benedito Salavert, Jaime"]
[Black "Biasoli Lopez, Alain"]
[Result "1/2-1/2"]
[WhiteElo "1993"]
[BlackElo "1937"]
[PlyCount "45"]
[EventDate "2011.10.01"]
[EventRounds "7"]
[EventCountry "ESP"]

1. d4 Nf6 2. Nf3 d6 3. g3 b6 4. Bg2 Bb7 5. O-O g6 6. c4 Nbd7 7. b3 Bg7 8. Bb2
O-O 9. Nbd2 c5 10. d5 e6 11. e4 exd5 12. exd5 Re8 13. Qc2 Nh5 14. Bxg7 Kxg7 15.
Ne4 Ndf6 16. Nfg5 Nxe4 17. Nxe4 f5 18. Qc3+ Kf7 19. Nd2 Qf6 20. Qxf6+ Nxf6 21.
Rfe1 Rxe1+ 22. Rxe1 Re8 23. Rxe8 1/2-1/2

[Event "Cto Preferente Norte Individual"]
[Site "Centre Polivalent - C/ Isaac P"]
[Date "2011.11.19"]
[Round "6"]
[White "Davidovas Chananovas, Norman"]
[Black "Albert Garrote, Amadeo"]
[Result "0-1"]
[WhiteElo "1751"]
[BlackElo "1868"]
[PlyCount "66"]
[EventDate "2011.10.01"]
[EventRounds "7"]
[EventCountry "ESP"]

1. e4 Nc6 2. d4 d5 3. e5 Bf5 4. c3 e6 5. Bd3 Nge7 6. f4 h5 7. Nf3 g6 8. b4 a6
9. a4 Bg7 10. a5 Na7 11. Qe2 Qd7 12. Nbd2 c6 13. Nb3 Nb5 14. Bb2 Bxd3 15. Qxd3
Nf5 16. Nc5 Qe7 17. g3 Nh6 18. Ng5 O-O-O 19. Ngxe6 fxe6 20. Qxg6 Nc7 21. Qxh5
Nf5 22. Qf3 Rh3 23. Kd2 Rdh8 24. Qg2 Bf8 25. Rae1 Qh7 26. g4 Ng7 27. Re2 Bxc5
28. bxc5 Nb5 29. Kc1 Nxc3 30. Bxc3 Rxc3+ 31. Rc2 Qd3 32. Qd2 Rxc2+ 33. Qxc2
Qxd4 0-1